• 首页
  • 本馆介绍
  • 公告通知
  • 最新文献
  • 馆藏检索
  • 电子资源
  • 读者导购
  • 参考咨询
  • 我的图书馆
  • 登录
  • 详细信息显示
  • 放入我的书架
  • 预约/预借图书
  • 作者相关作品
  • 分类相关作品
  • 丛书相关作品
  • 出版社相关作品

书目信息

  • 表格格式
  • 工作单格式
  • 卡片格式
题名:
激光的衍射及热作用计算
    
 
作者: 李俊昌 著
分册:  
出版信息: 北京   科学出版社  2002
页数: 518页
开本: 21cm
丛书名: 应用物理学丛书
单 册:
中图分类: TN241
科图分类:
主题词: 激光--衍射--热量计算
电子资源:
ISBN: 7-03-009848-X
000 00893oam2 2200265 45
001 012002041845
005 20050404082016.4
010    @a7-03-009848-X@dCNY34.00
100    @a20020520d2002 em y0chiy0110 ea
101 0  @achi@deng
102    @aCN@b110000
105    @ay z 000yy
200 1  @a激光的衍射及热作用计算@Aji guang de yan she ji re zuo yong ji suan@f李俊昌著@FLi Jun Chang Zhu
210    @a北京@c科学出版社@d2002
215    @a518页@d21cm
225 2  @a应用物理学丛书@f吴自勤主编
300    @a国家科学技术学术著作出版基金资助出版
330    @a本书内容包括:光波电磁理论基础、标量衍射理论、衍射积分在空域的计算、衍射积分在频领域的快速计算等。
410    @12001 @a应用物理学丛书
410    @1700 0@a吴自勤@AWu Zi Qin@4主编
606 0  @a激光@x衍射@x热量计算
690    @aTN241@v4
701  0 @a李俊昌@4著
801  0 @aCN@bNLC@c20020524
905    @b347625-629@dTN241@e49@f5
    
    激光的衍射及热作用计算/李俊昌著.-北京:科学出版社,2002
    518页;21cm.-(应用物理学丛书/吴自勤主编)
    国家科学技术学术著作出版基金资助出版
    
    ISBN 7-03-009848-X:CNY34.00
    本书内容包括:光波电磁理论基础、标量衍射理论、衍射积分在空域的计算、衍射积分在频领域的快速计算等。
●
相关链接 在E读中查询图书 在五车中查询图书 在当当中查询图书 在豆瓣中查询图书


正题名:激光的衍射及热作用计算     索取号:TN241/49         预约/预借

序号 登录号 条形码 馆藏地/架位号 状态 备注
1 0347625   203476256   第二样本阅览室/ [索取号:TN241/49] 在馆    
2 0347626   203476265   第三借阅区/ [索取号:TN241/49] 在馆    
3 0347627   203476274   第三借阅区/ [索取号:TN241/49] 在馆    
4 0347628   203476283   第三借阅区/ [索取号:TN241/49] 在馆    
5 0347629   203476292   第三借阅区/ [索取号:TN241/49] 在馆    
唐山师范学院图书馆 欢迎您!
大连网信软件有限公司© 版权所有